[Event "Druzheskij Blitz (3+2) turnir ¹3 na Iristonskoj 06.10.2019g."]
[Site "VLADIKAVKAZ"]
[Date "2019.10.06"]
[Round "3.3"]
[White "Agkatsev, Felix A"]
[Black "Storozhenko, Mihail"]
[Result "1-0"]
[TimeControl "3' + 2\""]
[WhiteElo "1583"]
[BlackElo "1061"]

1. d4 {[%clk 00:03:03]} d5 {[%clk 00:03:03]} {[%emt 00:00:01]} 2. Nf3 {[%clk
00:03:03]} {[%emt 00:00:02]} c6 {[%clk 00:03:02]} {[%emt 00:00:04]} 3. e3
{[%clk 00:03:04]} {[%emt 00:00:02]} Bg4 {[%clk 00:03:02]} {[%emt 00:00:02]} 4.
h3 {[%clk 00:03:04]} {[%emt 00:00:01]} Bh5 {[%clk 00:03:03]} {[%emt 00:00:01]}
5. Bd3 {[%clk 00:03:04]} {[%emt 00:00:02]} Nd7 {[%clk 00:02:59]} {[%emt
00:00:06]} 6. O-O {[%clk 00:03:04]} {[%emt 00:00:02]} e6 {[%clk 00:02:56]}
{[%emt 00:00:05]} 7. b3 {[%clk 00:03:05]} {[%emt 00:00:01]} Bd6 {[%clk
00:02:52]} {[%emt 00:00:06]} 8. Bb2 {[%clk 00:03:06]} {[%emt 00:00:01]} Ngf6
{[%clk 00:02:49]} {[%emt 00:00:04]} 9. Nbd2 {[%emt 00:00:02]} Qc7 {[%clk
00:02:47]} {[%emt 00:00:03]} 10. c4 {[%clk 00:03:08]} {[%emt 00:00:02]} dxc4
{[%clk 00:02:43]} {[%emt 00:00:06]} 11. Nxc4 {[%clk 00:03:08]} {[%emt
00:00:02]} Bxf3 {[%clk 00:02:42]} {[%emt 00:00:03]} 12. Qxf3 {[%clk 00:03:08]}
{[%emt 00:00:02]} Bh2+ {[%clk 00:02:35]} {[%emt 00:00:10]} 13. Kh1 {[%clk
00:03:09]} O-O {[%clk 00:02:35]} {[%emt 00:00:02]} 14. g3 {[%clk 00:03:09]}
{[%emt 00:00:02]} Bxg3 {[%clk 00:02:26]} {[%emt 00:00:11]} 15. fxg3 {[%clk
00:03:10]} {[%emt 00:00:01]} b5 {[%clk 00:02:25]} {[%emt 00:00:03]} 16. Nd2
{[%clk 00:03:06]} {[%emt 00:00:06]} a6 {[%clk 00:02:24]} {[%emt 00:00:04]} 17.
Ne4 {[%clk 00:03:04]} {[%emt 00:00:04]} Nd5 {[%clk 00:02:18]} {[%emt 00:00:08]}
18. a3 {[%clk 00:02:58]} {[%emt 00:00:08]} e5 {[%clk 00:02:08]} {[%emt
00:00:12]} 19. Nc5 {[%clk 00:02:59]} Nxc5 {[%clk 00:02:01]} {[%emt 00:00:09]}
20. dxc5 {[%clk 00:03:00]} Rae8 {[%clk 00:02:02]} {[%emt 00:00:02]} 21. Be4
{[%clk 00:03:01]} {[%emt 00:00:01]} Ne7 {[%clk 00:01:45]} {[%emt 00:00:18]} 22.
Rad1 {[%clk 00:03:02]} {[%emt 00:00:02]} f5 {[%clk 00:01:38]} {[%emt 00:00:10]}
23. Bb1 {[%clk 00:03:03]} e4 {[%clk 00:01:37]} {[%emt 00:00:03]} 24. Qf4 {[%clk
00:03:03]} {[%emt 00:00:01]} Qxf4 {[%clk 00:01:19]} {[%emt 00:00:20]} 25. Rxf4
{[%clk 00:03:03]} {[%emt 00:00:02]} g6 {[%clk 00:01:15]} {[%emt 00:00:07]} 26.
Rd6 {[%clk 00:02:55]} {[%emt 00:00:10]} Nd5 {[%clk 00:01:13]} {[%emt 00:00:04]}
27. Rf2 {[%clk 00:02:54]} {[%emt 00:00:02]} Nxe3 {[%clk 00:00:54]} {[%emt
00:00:22]} 28. Re2 {[%clk 00:02:56]} f4 {[%clk 00:00:44]} {[%emt 00:00:13]} 29.
gxf4 {[%clk 00:02:55]} {[%emt 00:00:03]} Rxf4 {[%clk 00:00:45]} {[%emt
00:00:01]} 30. Rxe3 {[%clk 00:02:55]} {[%emt 00:00:02]} Rf1+ {[%clk 00:00:46]}
31. Kg2 {[%clk 00:02:55]} Rxb1 {[%clk 00:00:46]} {[%emt 00:00:02]} 32. Bc3
{[%clk 00:02:50]} {[%emt 00:00:06]} Rf8 {[%clk 00:00:45]} {[%emt 00:00:04]} 33.
Rd7 {[%clk 00:02:47]} {[%emt 00:00:05]} Rf7 {[%clk 00:00:29]} {[%emt 00:00:18]}
34. Rd8+ {[%clk 00:02:48]} {[%emt 00:00:01]} Rf8 {[%clk 00:00:27]} {[%emt
00:00:04]} 35. Rxf8+ {[%clk 00:02:36]} {[%emt 00:00:13]} Kxf8 {[%clk 00:00:29]}
{[%emt 00:00:02]} 36. Rxe4 {[%clk 00:02:37]} Rxb3 {[%clk 00:00:27]} {[%emt
00:00:03]} 37. Bb4 {[%clk 00:02:38]} {[%emt 00:00:01]} Rd3 {[%clk 00:00:12]}
{[%emt 00:00:17]} 38. Re6 {[%clk 00:02:38]} {[%emt 00:00:01]} Kg7 {[%clk
00:00:04]} {[%emt 00:00:10]} 39. Rxc6 {[%clk 00:02:38]} {[%emt 00:00:02]} Kh6
{[%clk 00:00:03]} {[%emt 00:00:03]} 40. Rxa6 {[%clk 00:02:39]} {[%emt
00:00:02]} Kh5 {[%clk 00:00:00]} {[%emt 00:00:03]} 41. c6 {[%clk 00:02:39]}
{[%emt 00:00:01]} g5 {[%clk 00:00:00]} {[%emt 00:00:03]} 42. c7 {[%clk
00:02:39]} {[%emt 00:00:03]} 1-0

[Event "Druzheskij Blitz (3+2) turnir ¹3 na Iristonskoj 06.10.2019g."]
[Site "VLADIKAVKAZ"]
[Date "2019.10.06"]
[Round "3.4"]
[White "Agkatsev, Albert A"]
[Black "Tsamaladze, Pavel"]
[Result "1-0"]
[TimeControl "3' + 2\""]
[WhiteElo "1725"]
[BlackElo "1141"]

1. e4 {[%clk 00:03:04]} {[%emt 00:00:05]} b6 {[%clk 00:03:03]} {[%emt
00:00:01]} 2. d4 {[%clk 00:03:03]} {[%emt 00:00:02]} Bb7 {[%emt 00:00:01]} 3.
Nc3 e6 {[%clk 00:03:06]} {[%emt 00:00:02]} 4. f4 {[%clk 00:03:02]} {[%emt
00:00:04]} d5 {[%clk 00:03:05]} {[%emt 00:00:02]} 5. exd5 {[%clk 00:02:59]}
{[%emt 00:00:06]} exd5 {[%clk 00:03:02]} {[%emt 00:00:05]} 6. Nf3 {[%clk
00:02:59]} {[%emt 00:00:01]} Nf6 {[%clk 00:03:02]} {[%emt 00:00:02]} 7. Bb5+
{[%clk 00:02:49]} {[%emt 00:00:12]} c6 {[%clk 00:03:01]} {[%emt 00:00:03]} 8.
Bd3 {[%clk 00:02:50]} Nbd7 {[%clk 00:02:56]} {[%emt 00:00:07]} 9. O-O {[%clk
00:02:49]} {[%emt 00:00:03]} Be7 {[%clk 00:02:57]} 10. Ne5 {[%clk 00:02:50]}
{[%emt 00:00:02]} O-O {[%clk 00:02:51]} {[%emt 00:00:09]} 11. Ne2 {[%clk
00:02:42]} {[%emt 00:00:09]} c5 {[%clk 00:02:35]} {[%emt 00:00:18]} 12. c3
{[%clk 00:02:42]} {[%emt 00:00:02]} h6 {[%clk 00:02:30]} {[%emt 00:00:06]} 13.
h3 {[%clk 00:02:31]} {[%emt 00:00:13]} c4 {[%clk 00:02:14]} {[%emt 00:00:19]}
14. Bc2 {[%clk 00:02:31]} {[%emt 00:00:01]} Re8 {[%clk 00:02:13]} {[%emt
00:00:03]} 15. g4 {[%clk 00:02:29]} {[%emt 00:00:04]} Nxe5 {[%clk 00:02:07]}
{[%emt 00:00:09]} 16. fxe5 {[%clk 00:02:29]} {[%emt 00:00:02]} Ne4 {[%clk
00:01:58]} {[%emt 00:00:11]} 17. Bxe4 {[%clk 00:02:29]} {[%emt 00:00:01]} dxe4
{[%clk 00:01:59]} {[%emt 00:00:01]} 18. Ng3 {[%clk 00:02:24]} {[%emt 00:00:06]}
Bh4 {[%clk 00:01:35]} {[%emt 00:00:25]} 19. Nf5 {[%clk 00:02:25]} {[%emt
00:00:03]} Bg5 {[%clk 00:01:15]} {[%emt 00:00:22]} 20. Qe2 {[%clk 00:02:15]}
{[%emt 00:00:11]} Bxc1 {[%clk 00:01:07]} {[%emt 00:00:10]} 21. Raxc1 {[%clk
00:02:16]} {[%emt 00:00:01]} Bc8 {[%clk 00:00:59]} {[%emt 00:00:10]} 22. Nd6
{[%clk 00:02:16]} {[%emt 00:00:01]} Re7 {[%clk 00:00:54]} {[%emt 00:00:07]} 23.
Qxe4 {[%clk 00:02:16]} {[%emt 00:00:02]} Qc7 {[%clk 00:00:50]} {[%emt
00:00:05]} 24. Qxa8 {[%clk 00:02:12]} {[%emt 00:00:06]} Kh7 {[%clk 00:00:43]}
{[%emt 00:00:08]} 25. Qxc8 {[%clk 00:02:09]} {[%emt 00:00:06]} Qxc8 {[%clk
00:00:43]} {[%emt 00:00:02]} 26. Nxc8 {[%clk 00:02:11]} {[%emt 00:00:01]} Rc7
{[%clk 00:00:43]} {[%emt 00:00:01]} 27. Nd6 {[%clk 00:02:11]} {[%emt 00:00:02]}
Kg8 {[%clk 00:00:42]} {[%emt 00:00:03]} 28. Rxf7 {[%clk 00:02:09]} {[%emt
00:00:04]} Rxf7 {[%clk 00:00:42]} {[%emt 00:00:02]} 29. Nxf7 {[%clk 00:02:10]}
{[%emt 00:00:01]} Kxf7 {[%clk 00:00:43]} {[%emt 00:00:01]} 30. d5 {[%clk
00:02:11]} Ke7 {[%clk 00:00:42]} {[%emt 00:00:02]} 31. Rf1 {[%clk 00:02:12]}
{[%emt 00:00:01]} a5 {[%clk 00:00:37]} {[%emt 00:00:07]} 32. a4 {[%clk
00:02:12]} {[%emt 00:00:02]} g6 {[%clk 00:00:36]} {[%emt 00:00:03]} 33. h4
{[%clk 00:02:13]} {[%emt 00:00:01]} Kd7 {[%clk 00:00:27]} {[%emt 00:00:11]} 34.
Rf7+ {[%clk 00:02:13]} {[%emt 00:00:02]} Kd8 {[%clk 00:00:26]} {[%emt
00:00:04]} 35. d6 {[%clk 00:02:12]} {[%emt 00:00:04]} Ke8 {[%clk 00:00:25]}
{[%emt 00:00:03]} 36. e6 {[%clk 00:02:12]} {[%emt 00:00:02]} b5 {[%clk
00:00:23]} {[%emt 00:00:04]} 37. axb5 {[%clk 00:02:12]} {[%emt 00:00:02]} g5
{[%clk 00:00:24]} {[%emt 00:00:01]} 38. hxg5 {[%clk 00:02:12]} hxg5 {[%clk
00:00:25]} 39. b6 {[%clk 00:02:13]} {[%emt 00:00:01]} a4 {[%clk 00:00:22]}
{[%emt 00:00:05]} 40. b7 {[%clk 00:02:14]} {[%emt 00:00:01]} a3 {[%clk
00:00:23]} 41. b8=N {[%clk 00:02:09]} {[%emt 00:00:07]} axb2 {[%clk 00:00:20]}
{[%emt 00:00:04]} 42. Re7+ {[%clk 00:02:04]} {[%emt 00:00:07]} Kf8 {[%clk
00:00:10]} {[%emt 00:00:13]} 43. Nd7+ {[%clk 00:01:56]} {[%emt 00:00:09]} Kg8
{[%clk 00:00:10]} {[%emt 00:00:02]} 44. Nf6+ {[%clk 00:01:54]} {[%emt
00:00:04]} Kf8 {[%clk 00:00:00]} {[%emt 00:00:11]} 45. Rf7# {[%clk 00:01:54]}
1-0

[Event "Druzheskij Blitz (3+2) turnir ¹3 na Iristonskoj 06.10.2019g."]
[Site "VLADIKAVKAZ"]
[Date "2019.10.06"]
[Round "3.5"]
[White "Koraev, Kazbek"]
[Black "Basiev, Georgiy"]
[Result "0-1"]
[TimeControl "3' + 2\""]
[WhiteElo "1755"]
[BlackElo "1424"]

1. e4 {[%clk 00:03:02]} {[%emt 00:00:02]} c5 {[%clk 00:03:04]} {[%emt
00:00:01]} 2. d4 {[%clk 00:03:01]} {[%emt 00:00:03]} cxd4 {[%clk 00:03:04]}
{[%emt 00:00:02]} 3. c3 {[%clk 00:03:02]} e5 {[%clk 00:03:03]} {[%emt
00:00:03]} 4. cxd4 {[%clk 00:03:01]} {[%emt 00:00:03]} exd4 {[%clk 00:03:03]}
{[%emt 00:00:02]} 5. Nf3 {[%clk 00:02:59]} {[%emt 00:00:04]} Nc6 {[%clk
00:03:04]} {[%emt 00:00:01]} 6. Nxd4 {[%clk 00:02:59]} {[%emt 00:00:02]} Nf6
{[%clk 00:03:00]} {[%emt 00:00:05]} 7. Nc3 {[%clk 00:02:59]} {[%emt 00:00:02]}
Bb4 {[%clk 00:02:53]} {[%emt 00:00:09]} 8. Bg5 {[%clk 00:02:51]} {[%emt
00:00:10]} h6 {[%clk 00:02:47]} {[%emt 00:00:09]} 9. Nxc6 {[%clk 00:02:41]}
{[%emt 00:00:11]} bxc6 {[%clk 00:02:45]} {[%emt 00:00:04]} 10. Bd2 {[%clk
00:02:31]} {[%emt 00:00:12]} O-O {[%clk 00:02:35]} {[%emt 00:00:12]} 11. Be2
{[%clk 00:02:25]} {[%emt 00:00:08]} Re8 {[%clk 00:02:32]} {[%emt 00:00:05]} 12.
O-O {[%clk 00:02:13]} {[%emt 00:00:14]} a5 {[%clk 00:02:31]} {[%emt 00:00:03]}
13. f3 {[%clk 00:02:11]} {[%emt 00:00:03]} Qb6+ {[%clk 00:02:27]} {[%emt
00:00:06]} 14. Kh1 {[%clk 00:02:12]} Ba6 {[%clk 00:02:22]} {[%emt 00:00:09]} 15.
a3 {[%clk 00:02:01]} {[%emt 00:00:14]} Bxe2 {[%clk 00:02:14]} {[%emt 00:00:09]}
16. Qxe2 {[%clk 00:02:01]} {[%emt 00:00:01]} Bf8 {[%clk 00:01:42]} {[%emt
00:00:35]} 17. Qd3 {[%clk 00:01:55]} {[%emt 00:00:08]} d5 {[%clk 00:01:13]}
{[%emt 00:00:31]} 18. exd5 {[%clk 00:01:49]} {[%emt 00:00:08]} cxd5 {[%clk
00:01:13]} {[%emt 00:00:02]} 19. Nxd5 {[%clk 00:01:26]} {[%emt 00:00:26]} Nxd5
{[%clk 00:01:13]} {[%emt 00:00:02]} 20. Qxd5 {[%clk 00:01:26]} {[%emt
00:00:01]} Rad8 {[%clk 00:01:08]} {[%emt 00:00:07]} 21. Qxa5 {[%clk 00:01:21]}
{[%emt 00:00:07]} Qxb2 {[%clk 00:01:05]} {[%emt 00:00:05]} 22. Qa4 {[%clk
00:00:50]} {[%emt 00:00:33]} Qxd2 {[%clk 00:00:54]} {[%emt 00:00:13]} 23. Rad1
{[%clk 00:00:51]} Qb2 {[%clk 00:00:37]} {[%emt 00:00:19]} 24. Rxd8 {[%clk
00:00:41]} {[%emt 00:00:13]} Rxd8 {[%clk 00:00:38]} {[%emt 00:00:01]} 25. Qh4
{[%clk 00:00:37]} {[%emt 00:00:05]} Rd2 {[%clk 00:00:33]} {[%emt 00:00:08]} 26.
Qg4 {[%clk 00:00:34]} {[%emt 00:00:05]} Qxa3 {[%clk 00:00:26]} {[%emt
00:00:08]} 27. h4 {[%clk 00:00:34]} {[%emt 00:00:01]} Qb4 {[%clk 00:00:22]}
{[%emt 00:00:06]} 28. Qh5 {[%clk 00:00:30]} {[%emt 00:00:06]} Qf4 {[%clk
00:00:16]} {[%emt 00:00:08]} 29. Qa5 {[%emt 00:00:12]} Re2 {[%clk 00:00:09]}
{[%emt 00:00:06]} 30. h5 {[%clk 00:00:16]} {[%emt 00:00:10]} Qg3 {[%clk
00:00:10]} {[%emt 00:00:02]} 0-1

[Event "Druzheskij Blitz (3+2) turnir ¹3 na Iristonskoj 06.10.2019g."]
[Site "VLADIKAVKAZ"]
[Date "2019.10.06"]
[Round "4.1"]
[White "Morozov, Vadim"]
[Black "Basiev, Georgiy"]
[Result "1-0"]
[TimeControl "3' + 2\""]
[WhiteElo "1870"]
[BlackElo "1424"]

1. c4 {[%clk 00:03:02]} {[%emt 00:00:02]} Nf6 {[%clk 00:03:03]} {[%emt
00:00:01]} 2. Nc3 {[%clk 00:03:03]} g6 {[%clk 00:03:04]} {[%emt 00:00:02]} 3.
g3 {[%clk 00:03:04]} Bg7 {[%clk 00:03:04]} {[%emt 00:00:02]} 4. Bg2 {[%clk
00:03:05]} O-O {[%clk 00:03:04]} {[%emt 00:00:03]} 5. e4 {[%clk 00:03:06]} d6
{[%clk 00:03:05]} {[%emt 00:00:02]} 6. Nge2 {[%clk 00:03:07]} {[%emt 00:00:01]}
e5 {[%clk 00:03:04]} {[%emt 00:00:02]} 7. O-O {[%clk 00:03:08]} {[%emt
00:00:01]} Nbd7 {[%clk 00:03:03]} {[%emt 00:00:03]} 8. d3 {[%clk 00:03:08]}
{[%emt 00:00:01]} a5 {[%clk 00:03:02]} {[%emt 00:00:03]} 9. Rb1 {[%clk
00:03:08]} {[%emt 00:00:02]} Nc5 {[%clk 00:02:59]} {[%emt 00:00:05]} 10. b4
{[%clk 00:03:06]} {[%emt 00:00:04]} axb4 {[%clk 00:02:57]} {[%emt 00:00:04]} 11.
Rxb4 {[%clk 00:03:07]} Nfd7 {[%clk 00:02:45]} {[%emt 00:00:14]} 12. Be3 {[%clk
00:02:51]} {[%emt 00:00:19]} f5 {[%clk 00:02:41]} {[%emt 00:00:05]} 13. d4
{[%clk 00:02:43]} {[%emt 00:00:10]} Nxe4 {[%clk 00:02:29]} {[%emt 00:00:14]} 14.
Nxe4 {[%clk 00:02:39]} {[%emt 00:00:06]} fxe4 {[%clk 00:02:29]} {[%emt
00:00:02]} 15. Bxe4 {[%clk 00:02:38]} {[%emt 00:00:04]} Rxa2 {[%clk 00:02:20]}
{[%emt 00:00:11]} 16. c5 {[%clk 00:02:14]} {[%emt 00:00:26]} dxc5 {[%clk
00:02:04]} {[%emt 00:00:18]} 17. dxc5 {[%clk 00:02:14]} {[%emt 00:00:02]} c6
{[%clk 00:02:00]} {[%emt 00:00:06]} 18. Qb3+ {[%clk 00:02:14]} {[%emt
00:00:02]} Kh8 {[%clk 00:01:56]} {[%emt 00:00:05]} 19. Qxa2 {[%clk 00:02:14]}
{[%emt 00:00:01]} Nb8 {[%clk 00:01:07]} {[%emt 00:00:51]} 20. Qd2 {[%clk
00:01:55]} {[%emt 00:00:22]} Qxd2 {[%clk 00:00:56]} {[%emt 00:00:13]} 21. Bxd2
{[%clk 00:01:55]} {[%emt 00:00:02]} Na6 {[%clk 00:00:57]} {[%emt 00:00:01]} 22.
Rc4 {[%clk 00:01:55]} {[%emt 00:00:02]} Be6 {[%clk 00:00:54]} {[%emt 00:00:05]}
23. Rcc1 {[%clk 00:01:54]} {[%emt 00:00:02]} Rd8 {[%clk 00:00:48]} {[%emt
00:00:09]} 24. Be3 {[%clk 00:01:54]} {[%emt 00:00:02]} Nc7 {[%clk 00:00:19]}
{[%emt 00:00:31]} 25. Rfd1 {[%clk 00:01:54]} {[%emt 00:00:02]} Rf8 {[%clk
00:00:20]} {[%emt 00:00:02]} 26. Rb1 {[%clk 00:01:51]} {[%emt 00:00:05]} Rb8
{[%clk 00:00:16]} {[%emt 00:00:05]} 27. Bxc6 {[%clk 00:01:51]} {[%emt
00:00:03]} Na6 {[%clk 00:00:06]} {[%emt 00:00:12]} 28. Rxb7 {[%clk 00:01:50]}
{[%emt 00:00:03]} Rc8 {[%clk 00:00:06]} {[%emt 00:00:02]} 29. Bd7 {[%clk
00:01:48]} {[%emt 00:00:04]} Bxd7 {[%clk 00:00:06]} {[%emt 00:00:02]} 30. Rbxd7
{[%clk 00:01:49]} {[%emt 00:00:01]} Nb4 {[%clk 00:00:05]} {[%emt 00:00:03]} 31.
Rd8+ {[%clk 00:01:48]} {[%emt 00:00:02]} Rxd8 {[%clk 00:00:06]} {[%emt
00:00:03]} 32. Rxd8+ {[%clk 00:01:48]} Bf8 {[%clk 00:00:06]} {[%emt 00:00:02]}
33. Bh6 {[%clk 00:01:49]} {[%emt 00:00:01]} Kg8 {[%clk 00:00:06]} {[%emt
00:00:02]} 34. Rxf8# {[%clk 00:01:49]} {[%emt 00:00:02]} 1-0

[Event "Druzheskij Blitz (3+2) turnir ¹3 na Iristonskoj 06.10.2019g."]
[Site "VLADIKAVKAZ"]
[Date "2019.10.06"]
[Round "4.2"]
[White "Tsamaladze, Pavel"]
[Black "Koraev, Kazbek"]
[Result "0-1"]
[TimeControl "3' + 2\""]
[WhiteElo "1141"]
[BlackElo "1755"]

1. d4 {[%clk 00:03:03]} c5 {[%clk 00:03:02]} {[%emt 00:00:03]} 2. Nf3 {[%clk
00:03:04]} {[%emt 00:00:01]} cxd4 {[%clk 00:03:02]} {[%emt 00:00:03]} 3. Nxd4
{[%clk 00:03:04]} {[%emt 00:00:01]} e6 {[%clk 00:02:57]} {[%emt 00:00:07]} 4.
Nc3 {[%clk 00:03:05]} {[%emt 00:00:01]} Nf6 {[%clk 00:02:57]} {[%emt 00:00:01]}
5. Bf4 {[%clk 00:02:53]} {[%emt 00:00:13]} a6 {[%clk 00:02:52]} {[%emt
00:00:08]} 6. e4 {[%clk 00:02:44]} {[%emt 00:00:10]} d6 {[%clk 00:02:51]}
{[%emt 00:00:04]} 7. Bg3 {[%clk 00:02:41]} {[%emt 00:00:05]} Be7 {[%clk
00:02:51]} {[%emt 00:00:02]} 8. Be2 {[%clk 00:02:40]} {[%emt 00:00:03]} O-O
{[%clk 00:02:48]} {[%emt 00:00:05]} 9. O-O {[%clk 00:02:41]} {[%emt 00:00:01]}
Qb6 {[%clk 00:02:39]} {[%emt 00:00:12]} 10. Nb3 {[%clk 00:02:29]} {[%emt
00:00:14]} Nc6 {[%clk 00:02:38]} {[%emt 00:00:02]} 11. Bxd6 {[%clk 00:02:19]}
{[%emt 00:00:11]} Rd8 {[%clk 00:02:20]} {[%emt 00:00:21]} 12. Na4 {[%clk
00:01:33]} {[%emt 00:00:48]} Qa7 {[%clk 00:02:12]} {[%emt 00:00:10]} 13. Bc5
{[%clk 00:01:31]} {[%emt 00:00:04]} Bxc5 {[%clk 00:02:09]} {[%emt 00:00:05]} 14.
Qxd8+ {[%clk 00:01:31]} {[%emt 00:00:02]} Nxd8 {[%clk 00:02:11]} 15. Naxc5
{[%clk 00:01:28]} {[%emt 00:00:05]} Bd7 {[%clk 00:02:03]} {[%emt 00:00:10]} 16.
Rfd1 {[%clk 00:01:20]} {[%emt 00:00:09]} Bc6 {[%clk 00:01:55]} {[%emt
00:00:11]} 17. Bf3 {[%clk 00:01:09]} {[%emt 00:00:13]} b6 {[%clk 00:01:52]}
{[%emt 00:00:06]} 18. Nd3 {[%clk 00:01:01]} {[%emt 00:00:09]} Bxe4 {[%clk
00:01:50]} {[%emt 00:00:04]} 19. Bxe4 {[%clk 00:01:02]} {[%emt 00:00:01]} Nxe4
{[%clk 00:01:51]} {[%emt 00:00:01]} 20. Nb4 {[%clk 00:00:51]} {[%emt 00:00:13]}
a5 {[%clk 00:01:43]} {[%emt 00:00:09]} 21. Rxd8+ {[%clk 00:00:44]} {[%emt
00:00:10]} Rxd8 {[%clk 00:01:43]} {[%emt 00:00:02]} 22. Nc6 {[%clk 00:00:45]}
Qc7 {[%clk 00:01:39]} {[%emt 00:00:06]} 23. Nxd8 {[%clk 00:00:45]} {[%emt
00:00:02]} Qxd8 {[%clk 00:01:40]} {[%emt 00:00:01]} 24. c3 {[%clk 00:00:34]}
{[%emt 00:00:14]} a4 {[%clk 00:01:39]} {[%emt 00:00:03]} 25. Nd4 {[%clk
00:00:34]} {[%emt 00:00:01]} e5 {[%clk 00:01:36]} {[%emt 00:00:04]} 26. Nf3
{[%clk 00:00:35]} {[%emt 00:00:01]} f6 {[%clk 00:01:30]} {[%emt 00:00:08]} 27.
h3 {[%clk 00:00:25]} {[%emt 00:00:12]} Nd2 {[%clk 00:01:29]} {[%emt 00:00:03]}
28. Ne1 {[%clk 00:00:20]} {[%emt 00:00:07]} Ne4 {[%clk 00:01:16]} {[%emt
00:00:14]} 29. Nf3 {[%clk 00:00:21]} {[%emt 00:00:02]} Qd3 {[%clk 00:01:15]}
{[%emt 00:00:03]} 30. Re1 {[%clk 00:00:17]} {[%emt 00:00:05]} Nd2 {[%clk
00:01:13]} {[%emt 00:00:04]} 31. Nh2 {[%clk 00:00:17]} {[%emt 00:00:03]} e4
{[%clk 00:01:08]} {[%emt 00:00:07]} 32. Ng4 {[%emt 00:00:05]} Nc4 {[%clk
00:01:03]} {[%emt 00:00:06]} 33. b3 {[%clk 00:00:16]} {[%emt 00:00:02]} Ne5
{[%clk 00:00:58]} {[%emt 00:00:07]} 34. bxa4 {[%clk 00:00:15]} {[%emt
00:00:02]} Nxg4 {[%clk 00:00:59]} {[%emt 00:00:02]} 35. hxg4 {[%clk 00:00:16]}
{[%emt 00:00:01]} Kf7 {[%clk 00:00:59]} {[%emt 00:00:01]} 36. Rc1 {[%clk
00:00:15]} {[%emt 00:00:02]} Qd2 {[%clk 00:00:59]} {[%emt 00:00:02]} 37. Rb1
{[%clk 00:00:16]} {[%emt 00:00:02]} Qxa2 {[%clk 00:00:58]} {[%emt 00:00:03]} 38.
Rxb6 {[%clk 00:00:16]} {[%emt 00:00:02]} Qxa4 {[%clk 00:00:55]} {[%emt
00:00:04]} 39. Rb7+ {[%clk 00:00:18]} Kg6 {[%clk 00:00:56]} {[%emt 00:00:01]}
40. Kh2 {[%clk 00:00:17]} {[%emt 00:00:02]} Qc6 {[%clk 00:00:55]} {[%emt
00:00:03]} 41. Rb3 {[%clk 00:00:17]} {[%emt 00:00:03]} Qc4 {[%clk 00:00:56]}
{[%emt 00:00:01]} 42. Ra3 {[%clk 00:00:17]} {[%emt 00:00:01]} h5 {[%clk
00:00:55]} {[%emt 00:00:03]} 43. gxh5+ {[%clk 00:00:18]} {[%emt 00:00:02]} Kxh5
{[%clk 00:00:56]} 44. Kg3 {[%clk 00:00:19]} {[%emt 00:00:01]} Kg5 {[%clk
00:00:52]} {[%emt 00:00:05]} 45. f3 {[%clk 00:00:19]} {[%emt 00:00:02]} e3
{[%clk 00:00:53]} {[%emt 00:00:01]} 46. Ra5+ {[%clk 00:00:17]} {[%emt
00:00:05]} f5 {[%clk 00:00:53]} {[%emt 00:00:02]} 47. f4+ {[%clk 00:00:16]}
{[%emt 00:00:03]} Qxf4+ {[%clk 00:00:53]} {[%emt 00:00:02]} 48. Kh3 {[%clk
00:00:15]} {[%emt 00:00:02]} Qh4# {[%clk 00:00:53]} {[%emt 00:00:03]} 0-1

[Event "Druzheskij Blitz (3+2) turnir ¹3 na Iristonskoj 06.10.2019g."]
[Site "VLADIKAVKAZ"]
[Date "2019.10.06"]
[Round "4.3"]
[White "Storozhenko, Mihail"]
[Black "Agkatsev, Albert A"]
[Result "0-1"]
[TimeControl "3' + 2\""]
[WhiteElo "1061"]
[BlackElo "1725"]

1. e4 {[%clk 00:03:03]} e6 {[%clk 00:03:03]} {[%emt 00:00:02]} 2. d4 {[%clk
00:03:04]} {[%emt 00:00:01]} d5 3. e5 c5 {[%clk 00:03:06]} 4. c3 {[%clk
00:03:04]} {[%emt 00:00:04]} Nc6 {[%clk 00:03:06]} {[%emt 00:00:02]} 5. Nf3
{[%clk 00:03:03]} {[%emt 00:00:02]} Qb6 {[%clk 00:03:07]} {[%emt 00:00:02]} 6.
Be3 {[%clk 00:02:42]} {[%emt 00:00:23]} Qxb2 {[%clk 00:03:07]} {[%emt
00:00:02]} 7. Nbd2 {[%clk 00:02:33]} {[%emt 00:00:11]} Qxc3 {[%clk 00:03:07]}
{[%emt 00:00:02]} 8. dxc5 {[%clk 00:02:26]} {[%emt 00:00:10]} Nxe5 {[%clk
00:03:03]} {[%emt 00:00:06]} 9. Nxe5 {[%clk 00:02:22]} {[%emt 00:00:06]} Qxe5
{[%clk 00:03:03]} {[%emt 00:00:01]} 10. Bb5+ {[%clk 00:02:15]} {[%emt
00:00:10]} Bd7 {[%clk 00:03:05]} {[%emt 00:00:02]} 11. Bxd7+ Kxd7 12. O-O
{[%clk 00:02:12]} {[%emt 00:00:06]} Nf6 {[%clk 00:03:05]} {[%emt 00:00:03]} 13.
Rb1 {[%clk 00:02:06]} {[%emt 00:00:08]} Kc7 {[%clk 00:02:45]} {[%emt 00:00:21]}
14. Nf3 {[%clk 00:01:56]} {[%emt 00:00:13]} Qe4 {[%clk 00:01:55]} {[%emt
00:00:52]} 15. Qb3 {[%clk 00:01:53]} {[%emt 00:00:05]} Rb8 {[%clk 00:01:44]}
{[%emt 00:00:13]} 16. c6 {[%clk 00:01:54]} {[%emt 00:00:01]} b6 {[%clk
00:01:40]} {[%emt 00:00:06]} 17. Rfe1 {[%clk 00:01:50]} {[%emt 00:00:06]} Bd6
{[%clk 00:01:23]} {[%emt 00:00:18]} 18. Bxb6+ {[%clk 00:01:26]} {[%emt
00:00:26]} Rxb6 {[%clk 00:01:24]} {[%emt 00:00:01]} 19. Qxb6+ {[%clk 00:01:25]}
{[%emt 00:00:02]} axb6 {[%clk 00:01:25]} {[%emt 00:00:01]} 20. Rxe4 {[%clk
00:01:26]} Nxe4 {[%clk 00:01:24]} {[%emt 00:00:02]} 21. Nd4 {[%clk 00:01:21]}
{[%emt 00:00:08]} Ra8 {[%clk 00:01:23]} {[%emt 00:00:02]} 22. Rb2 {[%clk
00:01:13]} {[%emt 00:00:11]} Be5 {[%clk 00:01:21]} {[%emt 00:00:04]} 23. Rb4
{[%clk 00:00:53]} {[%emt 00:00:22]} Bxd4 {[%clk 00:01:20]} {[%emt 00:00:04]} 24.
Rxd4 {[%clk 00:00:52]} {[%emt 00:00:03]} Rxa2 {[%clk 00:01:20]} 25. h3 {[%clk
00:00:44]} {[%emt 00:00:10]} Rxf2 {[%clk 00:01:05]} {[%emt 00:00:18]} 26. Rxe4
{[%clk 00:00:45]} {[%emt 00:00:01]} Rxg2+ {[%clk 00:01:05]} 27. Kxg2 {[%clk
00:00:44]} {[%emt 00:00:03]} dxe4 {[%clk 00:01:06]} 28. Kf2 {[%clk 00:00:45]}
{[%emt 00:00:01]} Kxc6 {[%clk 00:01:07]} {[%emt 00:00:02]} 29. Ke3 Kd5 30. Kd4+
{[%emt 00:00:07]} 0-1